[Event "DSOL 06 Liga Final 1st"]
[Site "Playchess.com INT"]
[Date "2020.09.04"]
[Round "2.1"]
[White "Schulz, Jannis"]
[Black "Bock, Timothy"]
[Result "1/2-1/2"]
[WhiteElo "1815"]
[BlackElo "1654"]
[PlyCount "130"]
[EventDate "2020.06.22"]
[EventType "team-k.o. (rapid)"]
[EventCountry "GER"]
[SourceTitle "EXT 2021"]
[Source "ChessBase"]
[SourceDate "2020.10.23"]
[SourceVersion "1"]
[SourceVersionDate "2020.10.23"]
[SourceQuality "1"]
[WhiteTeam "Barnim"]
[BlackTeam "Horst Emscher II"]
[WhiteTeamCountry "GER"]
[BlackTeamCountry "GER"]

1. d4 Nf6 2. Nf3 d5 3. e3 e6 4. Bd3 Nbd7 5. c3 c5 6. Nbd2 Bd6 7. 0-0 0-0 8. Qe2 e5 9. dxe5 Nxe5 10. Nxe5 Bxe5 11. h3 h6 12. e4 Re8 13. f4 dxe4 14. Nxe4 Nxe4 15. Bxe4 Bxc3 16. bxc3 Bf5 17. Qc4 Bxe4 18. Qxc5 Rc8 19. Qxa7 Rxc3 20. Bb2 Rc2 21. Rf2 Rxb2 22. Rxb2 Qf6 23. Qf2 Re6 24. Rd1 Rc6 25. Rbd2 Qg6 26. Rd4 Rc3 27. Kh2 h5 28. Re1 f5 29. Red1 Kh7 30. Rd6 Rc2 31. Qxc2 Bxc2 32. Rxg6 Kxg6 33. Rd5 Be4 34. Re5 Kf6 35. g4 hxg4 36. hxg4 g5 37. gxf5 Bxf5 38. Kg3 gxf4+ 39. Kxf4 Bd7 40. Rh5 Ke6 41. Ke4 Kd6 42. Kd4 Kc6 43. a3 Kb6 44. Kc4 Be6+ 45. Kb4 Bd7 46. Rh6+ Bc6 47. a4 Ka6 48. Rh8 Ka7 49. Ka5 Bd5 50. Rd8 Bc6 51. Kb4 Bg2 52. a5 Bf1 53. Kc5 Be2 54. Rd6 Bf1 55. Rb6 Be2 56. Kd6 Kb8 57. Kd7 Bf1 58. Kd8 Be2 59. Kd7 Bf1 60. Rf6 Bb5+ 61. Kd8 Ka7 62. Kc7 Bc6 63. Rf8 Be4 64. Rf6 Bd5 65. Rb6 Bh1 1/2-1/2

[Event "DSOL 06 Liga Gr-C 1st"]
[Site "Playchess.com INT"]
[Date "2020.07.22"]
[Round "5.1"]
[White "Bock, Timothy"]
[Black "Guo, Philipp Ziming"]
[Result "0-1"]
[WhiteElo "1654"]
[BlackElo "1809"]
[PlyCount "62"]
[EventDate "2020.06.22"]
[EventType "team-tourn (rapid)"]
[EventCountry "GER"]
[SourceTitle "EXT 2021"]
[Source "ChessBase"]
[SourceDate "2020.10.23"]
[SourceVersion "1"]
[SourceVersionDate "2020.10.23"]
[SourceQuality "1"]
[WhiteTeam "Horst Emscher II"]
[BlackTeam "Norderstedt III"]
[WhiteTeamCountry "GER"]
[BlackTeamCountry "GER"]

1. e4 c5 2. Nf3 Nc6 3. d4 cxd4 4. Nxd4 Nf6 5. Nc3 e5 6. Nb3 Bb4 7. Bc4 0-0 8. Bg5 h6 9. Bxf6 Qxf6 10. 0-0 Bxc3 11. bxc3 d6 12. Qh5 Be6 13. Nd2 Rac8 14. Bxe6 Qxe6 15. f4 exf4 16. Rxf4 Ne5 17. Nf3 Ng6 18. Rg4 Rxc3 19. Nd4 Qe5 20. Nf5 Rxc2 21. Rd1 Rxa2 22. Nxh6+ gxh6 23. Rxg6+ fxg6 24. Qxg6+ Qg7 25. Qe6+ Qf7 26. Qg4+ Kh8 27. Qh4 Qf2+ 28. Qxf2 Rfxf2 29. Rxd6 Rxg2+ 30. Kf1 Rxh2 31. Kg1 Rhd2 0-1

[Event "DSOL 06 Liga Gr-C 1st"]
[Site "Playchess.com INT"]
[Date "2020.07.10"]
[Round "3.1"]
[White "Bock, Timothy"]
[Black "Mertens, Michael"]
[Result "0-1"]
[WhiteElo "1654"]
[BlackElo "1832"]
[PlyCount "58"]
[EventDate "2020.06.22"]
[EventType "team-tourn (rapid)"]
[EventCountry "GER"]
[SourceTitle "EXT 2021"]
[Source "ChessBase"]
[SourceDate "2020.10.23"]
[SourceVersion "1"]
[SourceVersionDate "2020.10.23"]
[SourceQuality "1"]
[WhiteTeam "Horst Emscher II"]
[BlackTeam "Wehlheiden"]
[WhiteTeamCountry "GER"]
[BlackTeamCountry "GER"]

1. e4 c6 2. d4 d5 3. e5 Bf5 4. Nf3 e6 5. Be2 Ne7 6. Nbd2 Nd7 7. 0-0 c5 8. c3 Nc6 9. Re1 Be7 10. Nf1 0-0 11. Ng3 Bg6 12. Be3 cxd4 13. cxd4 Qb6 14. h4 h6 15. Nf1 Nb4 16. a3 Nc2 17. Qd2 Nxe1 18. Rxe1 Rac8 19. Bd3 Bxd3 20. Qxd3 Qxb2 21. Rb1 Qxa3 22. Qd2 Nb6 23. Bxh6 Qc3 24. Qf4 gxh6 25. Qxh6 Qc2 26. Re1 Qg6 27. Qf4 Kh8 28. Ng3 Rg8 29. Qg4 Qxg4 0-1

[Event "Hessen-ch U17 Open"]
[Site "Bad Homburg"]
[Date "2013.03.27"]
[Round "4"]
[White "Henne, Lukas Felix"]
[Black "Bock, Timothy"]
[Result "1-0"]
[WhiteElo "833"]
[BlackElo "727"]
[PlyCount "49"]
[EventDate "2013.03.??"]
[EventType "swiss"]
[EventRounds "7"]
[EventCountry "GER"]
[SourceTitle "EXT 2014"]
[Source "ChessBase"]
[SourceDate "2013.11.20"]
[SourceVersion "1"]
[SourceVersionDate "2013.11.20"]
[SourceQuality "1"]

1. e4 e5 2. Nf3 Nc6 3. Bb5 Nf6 4. d3 Bc5 5. Bxc6 bxc6 6. Nxe5 d5 7. Nxc6 Qd7 8. Ne5 Qe7 9. Bf4 Rb8 10. Nc6 Bg4 11. f3 Qd7 12. Nxb8 Qc8 13. e5 Qxb8 14. exf6 gxf6 15. fxg4 Qxb2 16. Nd2 Qd4 17. Qe2+ Kf8 18. Nb3 Qc3+ 19. Qd2 Qxd2+ 20. Kxd2 Bd6 21. Bh6+ Kg8 22. Rhe1 Be5 23. Rab1 d4 24. Nxd4 Bxd4 25. Rb8# 1-0

[Event "Hessen-ch U17 Open"]
[Site "Bad Homburg"]
[Date "2013.??.??"]
[Round "7"]
[White "Hennemann, Tim"]
[Black "Bock, Timothy"]
[Result "1/2-1/2"]
[WhiteElo "899"]
[BlackElo "727"]
[PlyCount "33"]
[EventDate "2013.03.??"]
[EventType "swiss"]
[EventRounds "7"]
[EventCountry "GER"]
[SourceTitle "EXT 2014"]
[Source "ChessBase"]
[SourceDate "2013.11.20"]
[SourceVersion "1"]
[SourceVersionDate "2013.11.20"]
[SourceQuality "1"]

1. d4 d5 2. Nc3 Nf6 3. Bf4 Nc6 4. Nb5 e5 5. dxe5 a6 6. exf6 axb5 7. fxg7 Bxg7 8. c3 d4 9. Qc2 dxc3 10. bxc3 b4 11. Bd2 Be6 12. Rc1 Rxa2 13. Qd1 b3 14. Ra1 b2 15. Rb1 Bf5 16. e4 Bxe4 17. Qe2 1/2-1/2